| 000 | 00525ntaaa2200181 4500 | ||
|---|---|---|---|
| 003 | 01 | ||
| 005 | 20251027203116.0 | ||
| 008 | 0714s1973 ag 01 | ||
| 040 |
_aAR-BaBN _bspa _cAR-BaBN _eaacr _dRIC |
||
| 082 | _a612.6000 M81p | ||
| 100 | _aMoreno, Marcela | ||
| 245 | _aLos padres y la educacion sexual de los hijos | ||
| 250 | _a1 ed. | ||
| 260 |
_aBuenos Aires : _bSITB, _c2002 |
||
| 300 |
_a16 p ; _c30 cm |
||
| 500 | _aContiene notas y referencias bibliograficas. Bibliografia: p. 16. | ||
| 650 |
_aPadres e hijos _913759 |
||
| 999 |
_c26512 _d26512 |
||